Statistiques concernant Paroles refrain 'Temps en temps'

Cliquez ici pour prendre le quiz!

Statistiques générales

  • Ce quiz a été pris 29 fois
  • Le résultat moyen est 46 sur 85

Statistiques - réponses

Réponse% Correct
de
96%
de
96%
en
96%
temps
96%
le
87%
le
87%
le
87%
la
83%
(la
83%
la
83%
au
78%
bédo
78%
beuh
78%
crâne
78%
j'fume
78%
mal
78%
me
78%
fait
74%
les
74%
les
74%
(Les
74%
les
74%
les
74%
qu
74%
qu
74%
rien
74%
j'enchaîne
70%
les meufs
70%
Putain
70%
raclis
70%
raclis)
70%
d'merde
65%
que
65%
que
65%
et
52%
et
52%
même
48%
même
48%
si
48%
si
48%
Depuis
43%
j'peux
43%
(j'suis
43%
(j'suis
43%
j'suis
43%
j'suis
43%
loin)
43%
loin
43%
loin
43%
loin)
43%
pas
43%
D'temps
39%
être
39%
j'garde
39%
j'garde
39%
j'garde
39%
j'garde
39%
miens
39%
miens
39%
miens
39%
moi
39%
(moi)
39%
moi
39%
proche
39%
proche
39%
stable
39%
Faut
35%
Faut
35%
j'rap
35%
j'recharge
35%
j'recharge
35%
oeil
35%
oeil
35%
sur
35%
sur
35%
très
35%
très
35%
un
35%
un
35%
mes
30%
biens
26%
tartin
22%
tartin
22%
beuguih)
13%
beuguih
13%

Distribution des résultats

Percentile par nombre de réponses

% des personnes avec chaque résultat

Votre développement - résultats

Vous n’avez pas pris ce quiz